Use of recycled aggregate for geopolymer concrete production

Uložené v:
Podrobná bibliografia
Hlavný autor: Tocik, Martin (Autor)
Ďalší autori: Slaný, Michal (Vedúci práce)
Médium: Rukopis Kniha
Jazyk:Slovak
English
Vydavateľské údaje: 2025
Predmet:
On-line prístup:http://is.stuba.sk/zp/portal_zp.pl?podrobnosti=167539
CRZP
Tagy: Pridať tag
Žiadne tagy, Buďte prvý, kto otaguje tento záznam!

MARC

LEADER 00000ntm a22000003a 4500
001 stuzp99114
003 SK-STU
005 20250801122535.8
007 ta
008 150427s2015----xo-----f-mn---000-0-slo-d
040 |a STU  |b slo 
041 0 |a eng 
100 1 |a Tocik, Martin  |u 010200  |4 aut  |U SvF Stavebná fakulta  |T SvF Katedra materiálového inžinierstva a fyziky  |X 114914  |U V200  |Y 844  |7 114914 
242 0 1 |a Využitie recyklovaného kameniva na výrobu geopolymérneho betónu  |y slo 
245 1 0 |a Use of recycled aggregate for geopolymer concrete production 
260 |c 2025 
650 4 |a Geopolymérny betón  |2 slo 
650 4 |a Recyklované kamenivo  |2 slo 
650 4 |a Vysokopecná troska  |2 slo 
650 4 |a Geopolymer concrete  |2 eng 
650 4 |a Recycled aggregate  |2 eng 
650 4 |a Blast furnace slag  |2 eng 
700 1 |a Slaný, Michal  |u 010200  |k Z2  |4 ths  |U SvF Stavebná fakulta  |T SvF Katedra materiálového inžinierstva a fyziky  |X 60027  |U V200  |Y 844  |7 60027 
856 4 |u http://is.stuba.sk/zp/portal_zp.pl?podrobnosti=167539 
856 4 |u https://opac.crzp.sk/?fn=detailBiblioForm&sid=4013D2F8FE5692F45EC9284F6B33  |z CRZP